000 00473nam a2200217Ia 4500
008 210210b1993 xxu||||| |||| 00| 0 eng d
020 _a8170407184
041 _aeng
082 _a581 SUNC
100 _aGAYATRI (En). Samp.
245 _aCollege botany V1.
250 _a
260 _aDelhi
_bHimalaya Publishing House
_c1993
300 _a469
440 _a1
650 _aV1.
650 _aCollege
650 _abotany
690 _aBotany
906 _a049368
999 _c98138
_d98138